000 00736cam a2200217 a 4500
001 000013257
005 20200929163158.0
008 820413s1982 ilu 001 0 eng d
020 _a0870942042
040 _aDO-SdBNP
_beng
_cLC
_dBNPHU
050 0 0 _aHD255
_b.M43
082 _a346.7304/3
_bM613f
100 1 _aMeyers, Myron.
_930456
245 1 0 _aForeign investment in United States real estate :
_ba guide for buyers, sellers, their agents, and counsel /
_cMyron Meyers.
260 _aHomewood, Illinois :
_bDow Jones-Irwin,
_c1982.
300 _axvi, 655 p. ;
_c29 cm.
500 _aIncludes index.
650 0 _aReal property
_zUnited States
_xForeign ownership.
_930457
910 _aCatalogación por copia / LC
049 _aBNGR
999 _c12888
_d12888